Normal view
MARC view
Entry Personal Name
001 - CONTROL NUMBER
- control field: 15521
003 - CONTROL NUMBER IDENTIFIER
- control field: OSt
005 - DATE AND TIME OF LATEST TRANSACTION
- control field: 20220112115301.0
008 - FIXED-LENGTH DATA ELEMENTS
- fixed length control field: 220112|| aca||aabn | a|a d
040 ## - CATALOGING SOURCE
- Original cataloging agency: OSt
- Transcribing agency: OSt
100 ## - HEADING--PERSONAL NAME
- Personal name: Gilbertson, Moyna,
- Relator term: joint author.
670 ## - SOURCE DATA FOUND
- Source citation: Work cat.: (OSt)0: Scrutton, David. 15519, Physiotherapy in paediatric practice /, 1975.
